000 00569nam a22001937a 4500
005 20251108164227.0
008 250721s9999 xx 000 0 ara d
082 1 4 _a782.1/سيم
100 1 _aسيمون، هنري . و.
245 1 0 _aأشهر الأوبرات /
264 1 _aالقاهره :
_bمكتبة مصر،
_c[19-].
300 _a372ص : مص
490 0 _aالألف كتاب ؛ 122
650 1 7 _aأوبرات
700 1 _aفينوس، إبراهام
700 1 _aالحفني، محمود أحمد
_eترجمة
942 _2ddc
_cBK
999 _c6883
_d6883